El turno del escriba /
Guardado en:
| Autor Principal: | |
|---|---|
| Otros Autores: | |
| Formato: | Libro |
| Publicado: |
Buenos Aires :
Alfaguara,
2005
|
| Materias: | |
| Etiquetas: |
Agregar Etiqueta
Sin Etiquetas, Sea el primero en etiquetar este registro!
|
| LEADER | 01536nam a22002655a 4500 | ||
|---|---|---|---|
| 001 | CEM.cems011894 | ||
| 008 | 130507s2005##################000#0#####d | ||
| 005 | 20260420143255.0 | ||
| 245 | 1 | 0 | |a El turno del escriba / |c Graciela Montes y Ema Wolf |
| 260 | |a Buenos Aires : |b Alfaguara, |c 2005 | ||
| 300 | |a 260p. | ||
| 505 | 0 | |a En 1298, Rustichello de Pisa vive su decimocuarto año como rehén de guerra de los genoveses. Este escribano viejo y cansado alguna vez copió manuscritos para las casas reales más grandes de Europa, pero ningún monarca parece ahora interesado en pagar su rescate.Su destino cambia cuando un nuevo prisionero viene a compartir su celda. Es Marco Polo, el viajero veneciano que llegó a los confines del Oriente. Rustichello adivina enseguida el tesoro que tiene entre manos, y así da comienzo a una epopeya secreta y grandiosa: la redacción, a partir de los relatos de Marco Polo, de una obra que le atraerá de nuevo el favor de los príncipes cristianos, el Libro de las maravillas del mundo. | |
| 020 | |a 9870400981 | ||
| 100 | 1 | |a Montes, Graciela | |
| 700 | 1 | |a Wolf, Ema | |
| 082 | 0 | 4 | |a A863.4 |
| 653 | |a Literatura | ||
| 653 | |a Literatura argentina siglo xxi | ||
| 653 | |a Novelas | ||
| 653 | |a Novelas argentinas siglo xxi | ||
| 653 | |a Novela histórica | ||
| 653 | |a Edad media | ||
| 859 | |a CEMS |b BIB. CEMS - 11 de abril |h A863.4 |i M764-4 |p 22982.05 |t Ej.1 | ||
| 859 | |a CEMS |b BIB. CEMS - 11 de abril |h A863.4 |i M764-4 |p 22983.05 |t Ej.2 | ||
| 859 | |a CEMS |b BIB. CEMS - 11 de abril |h A863.4 |i M764-4 |p 25205.08 |t Ej.3 | ||
